Investovali jste do datového skladu? Využijte naplno jeho potenciál
Korektnosť dát s ktorými pracujeme. Príčiny nekvality dát. Charakteristika Master data management MDM. Centralizácia dát , kľúč k úspešnosti. Lepšie poznanie klienta prostredníctvom MDM.
Uložené v:
| Hlavný autor: | |
|---|---|
| Médium: | Kapitola |
| Jazyk: | Czech |
| Predmet: | |
| Tagy: |
Žiadne tagy, Buďte prvý, kto otaguje tento záznam!
|
MARC
| LEADER | 00000naa$a2200000$$$4500 | ||
|---|---|---|---|
| 001 | 0056468 | ||
| 005 | 20231010094316.9 | ||
| 041 | 0 | |a cze | |
| 044 | |a CZ | ||
| 245 | 1 | 0 | |a Investovali jste do datového skladu? Využijte naplno jeho potenciál |c David Slánský |
| 520 | |a Korektnosť dát s ktorými pracujeme. Príčiny nekvality dát. Charakteristika Master data management MDM. Centralizácia dát , kľúč k úspešnosti. Lepšie poznanie klienta prostredníctvom MDM. | ||
| 610 | 2 | 0 | |a sklad dát |
| 610 | 2 | 0 | |a dáta |
| 610 | 2 | 0 | |a klienti |
| 610 | 2 | 0 | |a kvalita |
| 610 | 2 | 0 | |a systémy informačné |
| 610 | 2 | 0 | |a banky |
| 610 | 2 | 0 | |a nástroje bankové |
| 100 | 1 | |a Slánský, David | |